| Tag |
First Indicator |
Second Indicator |
Subfields |
| LEADER |
00000cam a22000001 4500 |
| 001 |
in00000043100 |
| 005 |
20151007070841.0 |
| 008 |
760423s1972 ohua b 00110 eng |
| 010 |
|
|
|a 70153449
|
| 020 |
|
|
|a 0538113200
|
| 035 |
|
|
|a (OCoLC)00656256
|
| 035 |
|
|
|9 AAE4841AM
|
| 040 |
|
|
|a DLC
|c DLC
|d TXA
|d UtOrBLW
|
| 049 |
|
|
|a [Curr Col] TXAM
|c 1 [1207473], 2 [1207474]
|
| 050 |
0 |
0 |
|a HF5547.5
|b .M44 1972
|
| 082 |
0 |
|
|a 651/.4
|
| 100 |
1 |
|
|a Meehan, James Robert.
|
| 245 |
1 |
0 |
|a Secretarial office procedures /
|c [by] James R. Meehan, Mary Ellen Oliverio [and] William R. Pasewark.
|
| 250 |
|
|
|a 8th ed.
|
| 264 |
|
1 |
|a Cincinnati :
|b South-Western Pub. Co.,
|c [1972]
|
| 264 |
|
4 |
|c [©1972]
|
| 300 |
|
|
|a vi, 665 pages :
|b illustrations ;
|c 25 cm.
|
| 336 |
|
|
|a text
|b txt
|2 rdacontent
|
| 337 |
|
|
|a unmediated
|b n
|2 rdamedia
|
| 338 |
|
|
|a volume
|b nc
|2 rdacarrier
|
| 500 |
|
|
|a 1937-49 edition published under title: Secretarial office practice, by F. W. Loso and others; 1954-66 edition published under title: Secretarial office practice, by P. L. Agnew and others.
|
| 500 |
|
|
|a Gr. 11-12.
|
| 504 |
|
|
|a Bibliography: pages 648-656.
|
| 650 |
|
0 |
|a Office practice.
|
| 700 |
1 |
|
|a Oliverio, Mary Ellen,
|d 1926-
|
| 700 |
1 |
|
|a Pasewark, William Robert.
|
| 700 |
1 |
|
|a Loso, Foster W.
|q (Foster William),
|d 1902-1952.
|t Secretarial office practice.
|
| 700 |
1 |
|
|a Agnew, Peter Lawrence.
|t Secretarial office practice.
|
| 999 |
|
|
|a MARS
|
| 999 |
f |
f |
|s a583a698-7537-3398-b6e2-767fb7a4a4bb
|i 2c3955f6-4f5e-36bf-ac49-15b9dc4c0f99
|t 0
|
| 952 |
f |
f |
|p ric
|a Texas A&M University
|b Rellis Campus
|c Joint Library Facility
|d Remote Storage
|t 0
|e HF5547.5 .M44 1972
|h Library of Congress classification
|i unmediated -- volume
|m A14800217824
|
| 998 |
f |
f |
|a HF5547.5 .M44 1972
|t 0
|l Remote Storage
|